| 000 | 00814nas a2200265 4500 | ||
|---|---|---|---|
| 001 | BR0807815 | ||
| 003 | BR-BrBNA | ||
| 005 | 20231205112736.0 | ||
| 007 | ta | ||
| 008 | 230509b bl.|||p| |||| 00| 00por d | ||
| 040 |
_aBR-BrBNA _bpor _cBiblioteca Nacional de Agricultura |
||
| 041 | _a(En) | ||
| 072 | _aL73 | ||
| 100 | 1 | _aReche Jr, A. | |
| 100 | 1 | _aHagiwara, M.K. | |
| 100 | 1 | _aLucas, S.R.R. | |
| 245 | 1 | _aClinical study of acquired immunodeficiency syndrome in domestic cats in São Paulo | |
| 650 | _aGATO | ||
| 650 | _aDOENÇA ANIMAL | ||
| 650 | _aIMUNIDADE | ||
| 650 | _aSÃO PAULO | ||
| 773 | 0 |
_tBrazilian Journal of Veterinary Research and Animal Science (Brazil) _xISSN 1413-9596 _g(1997), v. 34(3) p. 152-155 _wBR0807815 |
|
| 909 |
_a202311 _bLúcia _c55 _dLúcia Elande |
||
| 942 |
_2AGRIS _n0 _cANA |
||
| 999 |
_c199708 _d199708 |
||